2000s Directors by Movies - Statistics

General Stats
  • This quiz has been taken 81 times
  • The average score is 11 of 15
Answer Stats
Movies Directors % Correct
Kill Bill: Volume 1, Kill Bill: Volume 2, Death Proof, Inglorious Basterds Quentin Tarantino
96%
A.I. Artificial Intelligence, Minority Report, Catch Me If You Can, The Terminal, War of the Worlds, Munich, Indiana Jones and the Kingdom of the Crystal Skull Steven Spielberg
93%
The Royal Tenenbaums, The Life Aquatic With Steve Zissou, The Darjeeling Limited, Fantastic Mr. Fox Wes Anderson
93%
Gangs of New York, The Aviator, The Departed Martin Scorsese
92%
Avatar James Cameron
89%
Memento, Insomnia, Batman Begins, The Prestige, The Dark Knight Christopher Nolan
88%
Star Wars: Episode II: Attack of the Clones, Star Wars: Episode III: Revenge of the Sith George Lucas
88%
Planet of the Apes, Big Fish, Charlie and the Chocolate Factory, Corpse Bride, Sweeney Todd: The Demon Barber of Fleet Street Tim Burton
84%
Lost in Translation, Marie Antoinette Sofia Coppola
80%
Dr. Seuss' How the Grinch Stole Christmas, A Beautiful Mind, The Missing, Cinderella Man, The Da Vinci Code, Frost/Nixon, Angels and Demons Ron Howard
63%
Elf, Zathura: A Space Adventure, Iron Man Jon Favreau
57%
Jay and Silent Bob Strike Back, Jersey Girls, Clerks II, Zack and Miri Make A Porno Kevin Smith
57%
The 40-Year-Old Virgin, Knocked Up, Funny People Judd Apatow
46%
Adaptation., Where the Wild Things Are Spike Jonze
41%
Anchorman: The Legend of Ron Bergundy, Wake Up, Ron Bergundy: The Lost Movie, Talladega Nights: The Ballad of Ricky Bobby, Step Brothers Adam McKay
28%
No matching quizzes found
Score Distribution
Percent of People with Each Score
Percentile by Number Answered
Your Score History
You have not taken this quiz